[Event "V C.to Unione Europea"]
[Site "Arvier ITA"]
[Date "2010.09.10"]
[Round "7"]
[White "Bisi, Riccardo"]
[Black "Bogatto, Mario"]
[Result "1-0"]
[WhiteElo "1587"]
[BlackElo "1455"]
[PlyCount "91"]
[EventDate "2010.09.04"]

1. e4 c5 2. Nf3 e6 3. d4 cxd4 4. Nxd4 Nf6 5. Nc3 a6 6. a4 d6 7. f3 Nc6 8. Be3
Be7 9. Bc4 Qc7 10. Qd2 Bd7 11. h3 e5 12. Nxc6 Bxc6 13. Bb3 Rc8 14. Bg5 Rd8 15.
Bxf6 Bxf6 16. Nd5 Bxd5 17. Qxd5 O-O 18. g4 Qc5 19. Qxc5 dxc5 20. Bd5 Bh4+ 21.
Ke2 Rd7 22. Rag1 Be7 23. h4 Kh8 24. h5 Bg5 25. b3 h6 26. Rd1 b6 27. Bc4 Ra7 28.
Rd6 b5 29. axb5 axb5 30. Bxb5 Rc7 31. Rhd1 Ra8 32. Ba4 Rb8 33. Rd7 Rbc8 34.
Rxc7 Rxc7 35. Rd7 Rxd7 36. Bxd7 Be7 37. Kd3 f6 38. Kc4 Kg8 39. c3 Kf7 40. b4
cxb4 41. cxb4 Bd8 42. b5 Ke7 43. Bc6 Ke6 44. Kd3 Bb6 45. Ke2 Bc5 46. Kf1 1-0

[Event "V C.to Unione Europea"]
[Site "Arvier ITA"]
[Date "2010.09.10"]
[Round "7"]
[White "Bonino, Silvano"]
[Black "Bisi, Samuele"]
[Result "0-1"]
[WhiteElo "1428"]
[BlackElo "1829"]
[PlyCount "63"]
[EventDate "2010.09.04"]

1. d4 Nf6 2. Bf4 e6 3. e3 c5 4. c3 Nc6 5. Nd2 d5 6. Ngf3 Bd6 7. Bxd6 Qxd6 8.
Bb5 Bd7 9. h3 O-O 10. Bd3 e5 11. dxe5 Nxe5 12. Nxe5 Qxe5 13. Nf3 Qe7 14. O-O
Bc6 15. Re1 Rad8 16. Qc2 Rfe8 17. Rad1 Qc7 18. Be2 Rd6 19. Rd2 Red8 20. Ne5 Be8
21. c4 h6 22. Red1 Ne4 23. Rd3 f6 24. Rxd5 Rxd5 25. Rxd5 Rxd5 26. cxd5 Qxe5 27.
f4 Qe7 28. Bc4 Nd6 29. Bd3 Qxe3+ 30. Kh1 Qe1+ 31. Kh2 f5 32. Qxc5 0-1

[Event "V C.to Unione Europea"]
[Site "Arvier ITA"]
[Date "2010.09.10"]
[Round "7"]
[White "Brunello, Roberta"]
[Black "Batoni, Fabrizio"]
[Result "1-0"]
[WhiteElo "2066"]
[BlackElo "1910"]
[PlyCount "125"]
[EventDate "2010.09.04"]

1. e4 d6 2. d4 Nf6 3. Nc3 g6 4. h3 Bg7 5. Be3 c6 6. a4 e5 7. Nf3 Nbd7 8. Qd2
O-O 9. Be2 Re8 10. Bd3 exd4 11. Nxd4 Nc5 12. f3 Nxd3+ 13. cxd3 d5 14. Nc2 Qc7
15. O-O dxe4 16. dxe4 Be6 17. Nd4 Bc4 18. Rfd1 Rad8 19. Qf2 b6 20. a5 bxa5 21.
Ra4 Bb5 22. Ncxb5 cxb5 23. Raa1 Qb7 24. Rxa5 a6 25. Rda1 Ra8 26. b3 Nd7 27. Qa2
Nb6 28. Rxa6 Qd7 29. Qf2 Red8 30. Rxa8 Nxa8 31. Rd1 Nc7 32. Rd2 Qc8 33. Nc6
Rxd2 34. Qxd2 Qa8 35. Qd6 Ne6 36. Qd5 Qa1+ 37. Kh2 Qc3 38. Bd2 Qb2 39. Bb4 Qc1
40. Nd8 Kh8 41. Bd6 Qa1 42. Nc6 h5 43. Qxb5 h4 44. Be5 Qe1 45. Nd4 Nxd4 46.
Bxg7+ Kxg7 47. Qe5+ f6 48. Qxd4 Qg3+ 49. Kh1 Qe1+ 50. Qg1 Qb4 51. Qa7+ Kf8 52.
Qe3 Kg7 53. f4 Kf8 54. e5 fxe5 55. fxe5 Qa5 56. Qh6+ Kf7 57. Qh7+ Kf8 58. Qh8+
Kf7 59. Qf6+ Ke8 60. Qxg6+ Kd7 61. Qd6+ Ke8 62. e6 Qe1+ 63. Kh2 1-0

[Event "V C.to Unione Europea"]
[Site "Arvier ITA"]
[Date "2010.09.10"]
[Round "7"]
[White "Brunello, Sabino"]
[Black "Jaracz, Pawel"]
[Result "1/2-1/2"]
[WhiteElo "2497"]
[BlackElo "2543"]
[PlyCount "34"]
[EventDate "2010.09.04"]

1. d4 Nf6 2. c4 g6 3. g3 Bg7 4. Bg2 O-O 5. Nc3 d6 6. Nf3 Nc6 7. O-O a6 8. Qd3
Bf5 9. e4 Bg4 10. Ne1 e5 11. d5 Nd4 12. h3 Bd7 13. Nc2 Nxc2 14. Qxc2 Nh5 15.
Kh2 f5 16. exf5 gxf5 17. f4 exf4 1/2-1/2

[Event "V C.to Unione Europea"]
[Site "Arvier ITA"]
[Date "2010.09.10"]
[Round "7"]
[White "Calzetta Ruiz, Monica"]
[Black "Ricci, Marco"]
[Result "1-0"]
[WhiteElo "2280"]
[BlackElo "2081"]
[PlyCount "49"]
[EventDate "2010.09.04"]

1. e4 e6 2. d4 d5 3. Nd2 Nf6 4. e5 Nfd7 5. Bd3 c5 6. c3 Nc6 7. Ngf3 Qb6 8. O-O
cxd4 9. cxd4 Nxd4 10. Nxd4 Qxd4 11. Nf3 Qb6 12. a3 Nc5 13. Bc2 a5 14. Qd4 a4
15. Be3 Bd7 16. Rac1 Be7 17. Rfd1 O-O 18. Ng5 h6 19. Nh7 Rfd8 20. Nf6+ Kh8 21.
Qh4 Bf8 22. Rd4 Rac8 23. Rg4 g5 24. Rxg5 Bg7 25. Rxg7 1-0

[Event "V C.to Unione Europea"]
[Site "Arvier ITA"]
[Date "2010.09.10"]
[Round "7"]
[White "Cattaneo, Roger"]
[Black "Pierantoni, Mauro"]
[Result "1-0"]
[WhiteElo "1748"]
[BlackElo "1866"]
[PlyCount "75"]
[EventDate "2010.09.04"]

1. e4 e6 2. d4 d5 3. Nd2 Nf6 4. exd5 Nxd5 5. c4 Nf6 6. Ngf3 c5 7. Nb3 b6 8. Bf4
Nbd7 9. Be2 Bb7 10. O-O h6 11. dxc5 Bxc5 12. Nxc5 Nxc5 13. Qxd8+ Rxd8 14. Ne5
Rd4 15. Be3 Re4 16. Nd3 Ng4 17. Nxc5 bxc5 18. Bf3 Nxe3 19. fxe3 Rxe3 20. Bxb7
Ke7 21. b3 Rb8 22. Bc6 Rb6 23. Ba4 Rd6 24. Rad1 Red3 25. Rxd3 Rxd3 26. g3 Rd6
27. Rf2 f5 28. Re2 Kf6 29. Kf2 g5 30. Ke1 h5 31. Rd2 Rxd2 32. Kxd2 h4 33. Ke3
hxg3 34. hxg3 e5 35. Bd7 a5 36. Bc8 Kg6 37. g4 f4+ 38. Ke4 1-0

[Event "V C.to Unione Europea"]
[Site "Arvier ITA"]
[Date "2010.09.10"]
[Round "7"]
[White "De Leeuw, Johannes"]
[Black "Vozza, Nicola"]
[Result "1-0"]
[WhiteElo "1882"]
[BlackElo "1911"]
[PlyCount "53"]
[EventDate "2010.09.04"]

1. e4 e5 2. Bc4 Nf6 3. Nc3 Nc6 4. Nf3 Nxe4 5. Bxf7+ Kxf7 6. Nxe4 d5 7. Neg5+
Kg8 8. h4 h6 9. Nh3 Bg4 10. d3 Qf6 11. c3 Rd8 12. Qe2 Bxf3 13. gxf3 Qxh4 14.
Bd2 d4 15. O-O-O dxc3 16. Bxc3 Bd6 17. Rdg1 Qa4 18. Kb1 Nd4 19. Bxd4 Qxd4 20.
Rg4 Qd5 21. Rhg1 Bf8 22. d4 exd4 23. Qd3 c5 24. Nf4 Qf7 25. Ng6 Rh7 26. Rf4 c4
27. Qe4 1-0

[Event "V C.to Unione Europea"]
[Site "Arvier ITA"]
[Date "2010.09.10"]
[Round "7"]
[White "Delaney, John"]
[Black "Fox, Anthony"]
[Result "1-0"]
[WhiteElo "2220"]
[BlackElo "2130"]
[PlyCount "57"]
[EventDate "2010.09.04"]

1. f4 d5 2. e3 Nf6 3. Nf3 g6 4. d4 Bg7 5. Bd3 O-O 6. O-O Bg4 7. c3 e6 8. Nbd2
Nbd7 9. b3 Re8 10. Bb2 c5 11. Qe2 Bf5 12. Ne5 Bxd3 13. Qxd3 Qc7 14. Rac1 b6 15.
c4 Qb7 16. Qe2 Rac8 17. Rfd1 Nxe5 18. dxe5 Ne4 19. cxd5 exd5 20. Rc2 Rcd8 21.
Nxe4 dxe4 22. Rcd2 Rxd2 23. Rxd2 h5 24. Qc4 Re7 25. h3 Rd7 26. Qc3 Rxd2 27.
Qxd2 Qa6 28. e6 Bxb2 29. e7 1-0

[Event "V C.to Unione Europea"]
[Site "Arvier ITA"]
[Date "2010.09.10"]
[Round "7"]
[White "Dritsakos, Alessio"]
[Black "Messina, Roberta"]
[Result "1-0"]
[WhiteElo "1971"]
[BlackElo "1890"]
[PlyCount "61"]
[EventDate "2010.09.04"]

1. e4 c5 2. Nc3 Nc6 3. g3 g6 4. d3 e6 5. Bg2 d6 6. Be3 Bg7 7. Qd2 Nge7 8. Nge2
O-O 9. h4 Nd4 10. h5 Nxe2 11. Kxe2 Nc6 12. Nd1 Nd4+ 13. Kf1 Qf6 14. c3 Nf3 15.
Qe2 Ne5 16. f4 c4 17. dxc4 d5 18. Bd4 dxe4 19. Bxe5 Qd8 20. Bxg7 Kxg7 21. Bxe4
Qc7 22. Ne3 e5 23. Nd5 Qd6 24. Qh2 f5 25. hxg6 Qxg6 26. Ne7 fxe4 27. Nxg6 hxg6
28. Qh7+ Kf6 29. Qh4+ Kg7 30. Qe7+ Rf7 31. Qxe5+ 1-0

[Event "V C.to Unione Europea"]
[Site "Arvier ITA"]
[Date "2010.09.10"]
[Round "7"]
[White "Estremera Panos, Sergio"]
[Black "Ortega, Lexy"]
[Result "0-1"]
[WhiteElo "2337"]
[BlackElo "2473"]
[PlyCount "80"]
[EventDate "2010.09.04"]

1. d4 d5 2. c4 c6 3. Nf3 Nf6 4. Nc3 dxc4 5. a4 Na6 6. e4 Bg4 7. Bxc4 e6 8. O-O
Bxf3 9. gxf3 Nb4 10. a5 Be7 11. Be3 O-O 12. Qb3 b5 13. Be2 a6 14. Rfc1 Rc8 15.
Nd1 Nd7 16. f4 c5 17. dxc5 Nc6 18. e5 g5 19. fxg5 Ncxe5 20. f4 Nxc5 21. Rxc5
Bxc5 22. fxe5 Qxg5+ 23. Kh1 Qxe5 24. Bh6 Rfd8 25. Qg3+ Qxg3 26. hxg3 Bd4 27.
Bf3 Rc2 28. Bb7 Rd6 29. Be4 Rc5 30. Kg2 f5 31. Bb1 Bg7 32. Be3 Rxd1 33. Bxc5
Bxb2 34. Bxf5 Bxa1 35. Bxe6+ Kg7 36. Bb6 Rd6 37. Bc8 Bd4 38. Bxd4+ Rxd4 39.
Bxa6 b4 40. Bb7 b3 0-1

[Event "V C.to Unione Europea"]
[Site "Arvier ITA"]
[Date "2010.09.10"]
[Round "7"]
[White "Mazzetta, Renato"]
[Black "Schmid, Pablo"]
[Result "0-1"]
[WhiteElo "1920"]
[BlackElo "2087"]
[PlyCount "50"]
[EventDate "2010.09.04"]

1. e4 c5 2. Nc3 g6 3. g3 Bg7 4. d3 Nc6 5. Bg2 d6 6. Nge2 Nf6 7. h3 Rb8 8. f4
O-O 9. O-O Bd7 10. g4 b5 11. Ng3 b4 12. Nce2 Ne8 13. f5 Qb6 14. Kh2 Qa6 15. Nf4
Nc7 16. g5 Be5 17. f6 Nd4 18. Nd5 Nxd5 19. exd5 exf6 20. Rxf6 Nf5 21. Rxf5 Bxf5
22. Qf1 f6 23. gxf6 Rxf6 24. Bg5 Rf7 25. Qe2 b3 0-1

[Event "V C.to Unione Europea"]
[Site "Arvier ITA"]
[Date "2010.09.10"]
[Round "7"]
[White "Moncelli, Giorgio"]
[Black "Melone, Antonio"]
[Result "1-0"]
[WhiteElo "2089"]
[BlackElo "2016"]
[PlyCount "99"]
[EventDate "2010.09.04"]

1. d4 Nf6 2. Nf3 e6 3. Bg5 Be7 4. Nbd2 d5 5. e3 c5 6. c3 b6 7. Bd3 Bb7 8. O-O
Nbd7 9. Ne5 Nxe5 10. dxe5 Nd7 11. Bxe7 Qxe7 12. f4 O-O-O 13. Qa4 Kb8 14. Bb5 h6
15. Bc6 g5 16. Bxb7 Kxb7 17. Rad1 f6 18. exf6 Nxf6 19. Nf3 a6 20. Ne5 b5 21.
Qc2 Rhg8 22. a4 Rd6 23. axb5 axb5 24. Ra1 Ra8 25. Rxa8 Kxa8 26. Ra1+ Kb8 27.
Qb3 Qb7 28. Qa3 Ne4 29. Nd3 Rc6 30. Qa5 Rd6 31. Ne5 Nd2 32. Nf7 Nb3 33. Nxd6
Nxa5 34. Nxb7 Nxb7 35. fxg5 hxg5 36. Ra6 Nd8 37. Rb6+ Kc7 38. Rxb5 Kd6 39. b4
cxb4 40. Rxb4 Ke5 41. Kf2 Nc6 42. Ra4 Kf5 43. c4 Ne5 44. cxd5 exd5 45. h3 Nc4
46. Ra8 Nd6 47. Kf3 Ne4 48. g4+ Ke5 49. Re8+ Kf6 50. Rxe4 1-0

[Event "V C.to Unione Europea"]
[Site "Arvier ITA"]
[Date "2010.09.10"]
[Round "7"]
[White "Montani, Riccardo"]
[Black "Ricci, Leonardo"]
[Result "1-0"]
[WhiteElo "1893"]
[BlackElo "1398"]
[PlyCount "87"]
[EventDate "2010.09.04"]

1. e4 e5 2. Nf3 Nc6 3. Bb5 a6 4. Ba4 Nf6 5. O-O d6 6. Re1 Bg4 7. c3 g6 8. d4 b5
9. Bb3 h6 10. a4 Nd7 11. Bd5 Ne7 12. Bxa8 Qxa8 13. axb5 a5 14. Qa4 Bg7 15. Qxa5
Qxa5 16. Rxa5 O-O 17. d5 Nc5 18. Ra7 Rb8 19. c4 Bf6 20. Rxc7 Nd3 21. Rd1 Nc5
22. Nc3 Nc8 23. b4 Nb3 24. Be3 Nd4 25. Bxd4 exd4 26. Ne2 Nb6 27. h3 Bxf3 28.
gxf3 Ra8 29. Rc6 Nc8 30. Ra6 Rb8 31. Nxd4 Kf8 32. Nc6 Rb7 33. Ra8 Rc7 34. b6
Rb7 35. Rxc8+ Kg7 36. Rb8 Rd7 37. c5 Be5 38. Nxe5 dxe5 39. c6 Rd6 40. c7 f5 41.
c8=Q fxe4 42. Qf8+ Kh7 43. Rb7+ Rd7 44. Rxd7# 1-0

[Event "V C.to Unione Europea"]
[Site "Arvier ITA"]
[Date "2010.09.10"]
[Round "7"]
[White "Vernay, Clovis"]
[Black "Suba, Mihai"]
[Result "1-0"]
[WhiteElo "2460"]
[BlackElo "2464"]
[PlyCount "67"]
[EventDate "2010.09.04"]

1. d4 Nf6 2. c4 e6 3. Nc3 Bb4 4. Qc2 O-O 5. e4 d6 6. Bd3 e5 7. a3 Bxc3+ 8. bxc3
Re8 9. Ne2 Qe7 10. f3 c5 11. O-O h6 12. Bd2 Nc6 13. d5 Na5 14. Ng3 Bd7 15. Rae1
Qd8 16. h3 b5 17. cxb5 c4 18. Be2 Qb6+ 19. Kh2 Qxb5 20. f4 Qb3 21. Qc1 Qa2 22.
Be3 exf4 23. Rxf4 Nxd5 24. exd5 Nb3 25. Qd1 Rxe3 26. Bxc4 Rxe1 27. Qxe1 Qc2 28.
Qf1 Nc5 29. Rxf7 Qxc3 30. Qf4 Re8 31. Nh5 Qe5 32. Rxg7+ Kh8 33. Rg6 Qxf4+ 34.
Nxf4 1-0

[Event "V C.to Unione Europea"]
[Site "Arvier ITA"]
[Date "2010.09.10"]
[Round "7"]
[White "Yeuillaz, Corrado"]
[Black "Gallucci, Alessio"]
[Result "1/2-1/2"]
[WhiteElo "2227"]
[BlackElo "2144"]
[PlyCount "40"]
[EventDate "2010.09.04"]

1. e4 e5 2. Nf3 Nc6 3. Bb5 f5 4. d3 fxe4 5. dxe4 Nf6 6. O-O Bc5 7. Bg5 d6 8.
Nc3 O-O 9. Nd5 Bg4 10. c3 Bxf3 11. Bxf6 Bxd1 12. Bxd8 Nxd8 13. Raxd1 c6 14. b4
Bxf2+ 15. Rxf2 Rxf2 16. Kxf2 cxb5 17. Nc7 Rc8 18. Rxd6 Rxc7 19. Rxd8+ Kf7 20.
Rd3 Ke6 1/2-1/2

[Event "V C.to Unione Europea"]
[Site "Arvier ITA"]
[Date "2010.09.11"]
[Round "8"]
[White "Batoni, Fabrizio"]
[Black "Bisi, Samuele"]
[Result "1/2-1/2"]
[WhiteElo "1910"]
[BlackElo "1829"]
[PlyCount "38"]
[EventDate "2010.09.04"]

1. e4 e5 2. Bc4 Nf6 3. Nc3 Bc5 4. Nf3 d6 5. d3 Be6 6. Bb3 O-O 7. Be3 Bb6 8. Qe2
Nc6 9. Bxb6 axb6 10. O-O Qd7 11. Nd5 Bxd5 12. exd5 Ne7 13. c4 Nh5 14. Nxe5 Nf4
15. Qg4 Qf5 16. Qxf5 Nxf5 17. Nf3 Rfe8 18. Rfe1 Rxe1+ 19. Rxe1 Nxd3 1/2-1/2

[Event "V C.to Unione Europea"]
[Site "Arvier ITA"]
[Date "2010.09.11"]
[Round "8"]
[White "Cattaneo, Roger"]
[Black "Frank, Albert"]
[Result "1/2-1/2"]
[WhiteElo "1748"]
[BlackElo "1923"]
[PlyCount "42"]
[EventDate "2010.09.04"]

1. e4 c5 2. Nf3 a6 3. c3 d6 4. d4 Nf6 5. Bd3 e6 6. O-O Be7 7. Be3 Nc6 8. a4 e5
9. d5 Nb8 10. Nbd2 O-O 11. b4 cxb4 12. cxb4 Ng4 13. Nc4 Nxe3 14. Nxe3 a5 15.
bxa5 Nd7 16. Nc4 Nc5 17. Qc2 Bd7 18. Ra3 Bxa4 19. Rxa4 b5 20. Rb4 bxc4 21. Bxc4
Rxa5 1/2-1/2

[Event "V C.to Unione Europea"]
[Site "Arvier ITA"]
[Date "2010.09.11"]
[Round "8"]
[White "Dritsakos, Alessio"]
[Black "Delaney, John"]
[Result "0-1"]
[WhiteElo "1971"]
[BlackElo "2220"]
[PlyCount "52"]
[EventDate "2010.09.04"]

1. e4 c5 2. Nc3 e6 3. g3 d5 4. exd5 exd5 5. Nge2 d4 6. Ne4 f5 7. Nf4 g6 8. Bb5+
Nc6 9. Nxc5 Bxc5 10. O-O Nge7 11. Qe2 Qd6 12. Qc4 a6 13. Bxc6+ Qxc6 14. b4 Bb6
15. Qe2 Qe4 16. Qd1 Qc6 17. Qe2 Bd7 18. Re1 O-O-O 19. c4 dxc3 20. Ba3 Nd5 21.
Rac1 Nxf4 22. gxf4 Rhe8 23. Qf1 Rxe1 24. Qxe1 Re8 25. Qf1 Qd5 26. Rxc3+ Bc6 0-1

[Event "V C.to Unione Europea"]
[Site "Arvier ITA"]
[Date "2010.09.11"]
[Round "8"]
[White "Fox, Anthony"]
[Black "Baloire, Endy"]
[Result "1/2-1/2"]
[WhiteElo "2130"]
[BlackElo "1953"]
[PlyCount "59"]
[EventDate "2010.09.04"]

1. e4 c6 2. d4 d5 3. Nd2 dxe4 4. Nxe4 Nd7 5. Bc4 Ngf6 6. Nxf6+ Nxf6 7. c3 e6 8.
Nf3 Qc7 9. Qe2 b6 10. Bg5 Be7 11. Ne5 O-O 12. O-O Nd5 13. Bxe7 Nxe7 14. Rad1
Ng6 15. Nxg6 hxg6 16. Rfe1 Bb7 17. Qg4 Rfe8 18. Re3 Rad8 19. Rde1 Bc8 20. h4
Qe7 21. Qg3 Qd6 22. Qg5 Qe7 23. Qg4 Qf6 24. Rf3 Qe7 25. Rg3 Qf6 26. Re5 Bb7 27.
h5 gxh5 28. Rxh5 g6 29. Rf3 Qg7 30. Rg5 1/2-1/2

[Event "V C.to Unione Europea"]
[Site "Arvier ITA"]
[Date "2010.09.10"]
[Round "8"]
[White "Grant, Jonathan I.M."]
[Black "Yeuillaz, Corrado"]
[Result "0-1"]
[WhiteElo "2210"]
[BlackElo "2227"]
[PlyCount "135"]
[EventDate "2010.09.04"]

1. c4 g6 2. Nc3 Bg7 3. g3 d6 4. Bg2 Nf6 5. e4 e5 6. Nge2 Nc6 7. d3 O-O 8. O-O
Ne7 9. h3 c6 10. d4 Qc7 11. Be3 Ne8 12. Qd2 f5 13. dxe5 dxe5 14. Rad1 Be6 15.
b3 Nf6 16. Qd6 Qxd6 17. Rxd6 Bc8 18. Rfd1 h6 19. Bc5 Re8 20. Rd8 Kf7 21. f4
Rxd8 22. Rxd8 Ne8 23. exf5 gxf5 24. Bf3 Nc7 25. Bh5+ Ng6 26. Rd6 Ne6 27. fxe5
Bxe5 28. Nf4 Nexf4 29. gxf4 Bxd6 30. Bxd6 Ke6 31. c5 Bd7 32. Ne2 Rg8 33. Kf2
Kf6 34. Ng3 Be6 35. Be2 Nh4 36. Nh5+ Kf7 37. Ng3 Bd5 38. Bh5+ Ke6 39. Be2 b5
40. Be5 Bg2 41. Nh5 Bxh3 42. Ng7+ Kf7 43. Kg3 Ng6 44. Kxh3 Nxe5 45. Nxf5 Ke6
46. Ne3 Nf7 47. Bg4+ Kf6 48. Bd7 Nd8 49. f5 Rg1 50. a4 bxa4 51. bxa4 Rc1 52.
Ng4+ Kg5 53. Nf2 Rc4 54. a5 Ra4 55. Kg3 Ra3+ 56. Kg2 Rxa5 57. Kf3 Ra3+ 58. Ke4
Ra2 59. Nd3 Re2+ 60. Kf3 Re7 61. Bc8 a5 62. Nf2 a4 63. Nh3+ Kf6 64. Nf4 a3 65.
Nh5+ Ke5 66. f6 Rf7 67. Ke3 a2 68. Nf4 0-1

[Event "V C.to Unione Europea"]
[Site "Arvier ITA"]
[Date "2010.09.11"]
[Round "8"]
[White "Jaracz, Pawel"]
[Black "Estremera Panos, Sergio"]
[Result "1-0"]
[WhiteElo "2543"]
[BlackElo "2337"]
[PlyCount "61"]
[EventDate "2010.09.04"]

1. c4 Nf6 2. d4 e6 3. Nf3 d5 4. Nc3 Bb4 5. cxd5 exd5 6. Bg5 Nbd7 7. e3 c5 8.
dxc5 Qa5 9. Rc1 Bxc3+ 10. bxc3 O-O 11. Bxf6 Nxf6 12. Qd4 Be6 13. Qb4 Qc7 14.
Be2 Rfc8 15. Nd4 Qxc5 16. Qxb7 Ne4 17. Qa6 Nxc3 18. O-O Qb6 19. Qa3 Qc5 20. Qa6
Qb6 21. Rc2 Rc7 22. Bd3 Rac8 23. Rfc1 Ne2+ 24. Bxe2 Rxc2 25. Rxc2 Rxc2 26. Nxc2
Qb1+ 27. Bf1 Qxc2 28. Qxa7 h5 29. a4 Bf5 30. Qa8+ Kh7 31. Qxd5 1-0

[Event "V C.to Unione Europea"]
[Site "Arvier ITA"]
[Date "2010.09.11"]
[Round "8"]
[White "Llanes Hurtado, Miguel"]
[Black "Caprio, Guido"]
[Result "1-0"]
[WhiteElo "2474"]
[BlackElo "2265"]
[PlyCount "32"]
[EventDate "2010.09.04"]

1. d4 d5 2. c4 c6 3. Nf3 Nf6 4. Nc3 e6 5. Bg5 dxc4 6. a4 Bb4 7. e4 b5 8. e5 h6
9. exf6 hxg5 10. fxg7 Rg8 11. g3 Bb7 12. Bg2 Nd7 13. O-O Bxc3 14. bxc3 Rxg7 15.
Nd2 Qc7 16. Qh5 O-O-O 1-0

[Event "V C.to Unione Europea"]
[Site "Arvier ITA"]
[Date "2010.09.11"]
[Round "8"]
[White "Melone, Antonio"]
[Black "Vozza, Nicola"]
[Result "1-0"]
[WhiteElo "2016"]
[BlackElo "1911"]
[PlyCount "78"]
[EventDate "2010.09.04"]

1. d4 Nf6 2. c4 g6 3. Nc3 Bg7 4. e4 d6 5. f3 b6 6. Be3 Bb7 7. Qd2 Nbd7 8. g4 c5
9. d5 a6 10. O-O-O b5 11. Bh6 Bxh6 12. Qxh6 Qa5 13. cxb5 Ne5 14. h3 c4 15. f4
Nd3+ 16. Bxd3 cxd3 17. Rxd3 Rc8 18. Kb1 axb5 19. a3 b4 20. axb4 Qxb4 21. Nge2
Ba6 22. Rd4 Rc4 23. Rxc4 Bxc4 24. Nc1 Kd7 25. Qh4 Rb8 26. Qf2 Rb7 27. Qc2 Ra7
28. Qd2 Qa5 29. Qd4 Qa1+ 30. Kc2 Rc7 31. Rd1 Qa6 32. Kb1 Ra7 33. g5 Nh5 34. e5
Ng3 35. exd6 Nf5 36. Qe3 Nxd6 37. Qd4 Nf5 38. Qc5 Qa1+ 39. Kc2 Rc7 1-0

[Event "V C.to Unione Europea"]
[Site "Arvier ITA"]
[Date "2010.09.11"]
[Round "8"]
[White "Messina, Roberta"]
[Black "Bisi, Riccardo"]
[Result "1-0"]
[WhiteElo "1890"]
[BlackElo "1587"]
[PlyCount "75"]
[EventDate "2010.09.04"]

1. e4 e5 2. Nf3 Nc6 3. Bc4 Nf6 4. d3 Be7 5. O-O O-O 6. Re1 d6 7. a4 Be6 8. Nbd2
a6 9. a5 Re8 10. c3 Bf8 11. Qb3 Rb8 12. Bxe6 fxe6 13. Nc4 h6 14. Qa4 Qd7 15. d4
Nxd4 16. cxd4 exd4 17. Qxd7 Nxd7 18. Nxd4 d5 19. Nd2 Bb4 20. Nc2 Bc5 21. b4 Bd6
22. Bb2 c6 23. Nf3 Rf8 24. exd5 exd5 25. Re6 Bc7 26. Re7 Rf7 27. Rae1 Rd8 28.
Nh4 Bd6 29. Rxf7 Kxf7 30. Nf5 Nf6 31. Nxd6+ Rxd6 32. f3 Re6 33. Rxe6 Kxe6 34.
Bxf6 Kxf6 35. Kf2 g5 36. Ke3 Ke5 37. Nd4 h5 38. Nb3 1-0

[Event "V C.to Unione Europea"]
[Site "Arvier ITA"]
[Date "2010.09.11"]
[Round "8"]
[White "Moncelli, Giorgio"]
[Black "Mazzetta, Renato"]
[Result "1/2-1/2"]
[WhiteElo "2089"]
[BlackElo "1920"]
[PlyCount "78"]
[EventDate "2010.09.04"]

1. d4 d5 2. c4 c6 3. Nf3 Nf6 4. Nc3 e6 5. cxd5 exd5 6. Qc2 Bd6 7. Bg5 O-O 8. e3
Nbd7 9. Bd3 Qc7 10. O-O h6 11. Bh4 Ng4 12. Bg3 Bxg3 13. hxg3 Ndf6 14. Rac1 Qd6
15. Bf5 Re8 16. Bxc8 Raxc8 17. Qf5 g6 18. Qf4 Qe6 19. Nh2 Kg7 20. Nxg4 Qxg4 21.
Qxg4 Nxg4 22. Rc2 Nf6 23. Rfc1 Re7 24. b4 Rec7 25. a4 a6 26. f3 Re7 27. Kf2
Rce8 28. Re2 Nd7 29. b5 axb5 30. axb5 Nb6 31. bxc6 bxc6 32. Nd1 Nc4 33. Rcc2 f5
34. Rc3 Rb7 35. Ra2 Reb8 36. Rcc2 Rb3 37. Ra6 R8b6 38. Rxb6 Rxb6 39. Ke2 Rb3
1/2-1/2

[Event "V C.to Unione Europea"]
[Site "Arvier ITA"]
[Date "2010.09.11"]
[Round "8"]
[White "Ortega, Lexy"]
[Black "Agrest, Evgenij"]
[Result "1/2-1/2"]
[WhiteElo "2473"]
[BlackElo "2585"]
[PlyCount "23"]
[EventDate "2010.09.04"]

1. d4 d5 2. c4 c6 3. Nf3 Nf6 4. cxd5 cxd5 5. Nc3 Nc6 6. Bg5 Nh5 7. Bd2 Nf6 8.
Bg5 a6 9. Rc1 Nh5 10. Bd2 Nf6 11. Bg5 Nh5 12. Bd2 1/2-1/2

[Event "V C.to Unione Europea"]
[Site "Arvier ITA"]
[Date "2010.09.11"]
[Round "8"]
[White "Pepino, Enrico"]
[Black "Brunello, Marina"]
[Result "1/2-1/2"]
[WhiteElo "2205"]
[BlackElo "2212"]
[PlyCount "42"]
[EventDate "2010.09.04"]

1. e4 c5 2. Nf3 e6 3. d4 cxd4 4. Nxd4 Nf6 5. Nc3 a6 6. Be3 d6 7. f3 h5 8. Qd2
Qc7 9. O-O-O b5 10. Bd3 Bb7 11. e5 Nd5 12. exd6 Bxd6 13. Nf5 Be5 14. Nxd5 Bxd5
15. Bg5 Nc6 16. f4 Bf6 17. Bxf6 gxf6 18. Rhe1 O-O-O 19. Ne3 f5 20. Nxd5 Rxd5
21. g3 Rhd8 1/2-1/2

[Event "V C.to Unione Europea"]
[Site "Arvier ITA"]
[Date "2010.09.11"]
[Round "8"]
[White "Renzini, Lorenzo"]
[Black "Montani, Riccardo"]
[Result "0-1"]
[WhiteElo "1751"]
[BlackElo "1893"]
[PlyCount "77"]
[EventDate "2010.09.04"]

1. c4 c5 2. g3 Nc6 3. Bg2 g6 4. Nc3 Bg7 5. Nf3 e6 6. e3 Nge7 7. O-O Nf5 8. Rb1
d5 9. cxd5 exd5 10. d3 O-O 11. Ne2 d4 12. e4 Nfe7 13. Bf4 Kh8 14. Qc1 b6 15.
Bh6 Nb4 16. Bxg7+ Kxg7 17. Ne1 Nxa2 18. Qf4 Bb7 19. Nf3 Nc6 20. h4 Qf6 21. Qd2
Nab4 22. Nh2 h5 23. Nf3 Ne5 24. Ne1 Rab8 25. Nxd4 Nexd3 26. e5 Nxe5 27. Nb5
Bxg2 28. Kxg2 Qc6+ 29. f3 Qxb5 30. Qc3 f6 31. Qe3 Rbd8 32. Kg1 Rfe8 33. Ra1 Qd7
34. Qa3 Qd4+ 35. Kh1 Nbc6 36. Nc2 Qb4 37. Qxb4 Nxb4 38. Rab1 Rd2 39. Kg1 0-1

[Event "V C.to Unione Europea"]
[Site "Arvier ITA"]
[Date "2010.09.11"]
[Round "8"]
[White "Ricci, Leonardo"]
[Black "Lisandri, Luigi"]
[Result "1-0"]
[WhiteElo "1398"]
[BlackElo "1463"]
[PlyCount "55"]
[EventDate "2010.09.04"]

1. e4 c5 2. Nf3 f6 3. Nc3 Nh6 4. Be2 Nf7 5. d3 Nc6 6. O-O d6 7. Be3 Bd7 8. Nd2
a6 9. f4 Qc7 10. Nd5 Qd8 11. Nc4 Rb8 12. f5 b5 13. Na3 Nb4 14. Nf4 Qc8 15. c3
Nc6 16. Bg4 Kd8 17. Rc1 Be8 18. b4 Nce5 19. Bh5 Nh6 20. bxc5 dxc5 21. Ne6+ Kd7
22. Nxc5+ Kc6 23. Bxe8+ Qxe8 24. Nxa6 Rb7 25. Nb4+ Kc7 26. Bf4 Kb8 27. d4 Rd7
28. Qe2 1-0

[Event "V C.to Unione Europea"]
[Site "Arvier ITA"]
[Date "2010.09.11"]
[Round "8"]
[White "Schmid, Pablo"]
[Black "Cafolla, Peter"]
[Result "0-1"]
[WhiteElo "2087"]
[BlackElo "2088"]
[PlyCount "56"]
[EventDate "2010.09.04"]

1. e4 e5 2. Nc3 Nf6 3. Bc4 Bb4 4. d3 d5 5. exd5 Nxd5 6. Nge2 Be6 7. Bxd5 Qxd5
8. O-O Qd7 9. f4 Nc6 10. fxe5 Nxe5 11. Nf4 O-O 12. Nxe6 fxe6 13. Rxf8+ Rxf8 14.
Qe2 Bc5+ 15. Be3 Bxe3+ 16. Qxe3 Ng4 17. Qe4 Qf7 18. Qd4 c5 19. Qxc5 Qf4 20. g3
Qd2 21. Qh5 Qe3+ 22. Kh1 Qf3+ 23. Kg1 g6 24. Qh3 Qe3+ 25. Kg2 Nf2 26. Qh5 Qf3+
27. Kf1 Nd1+ 28. Ke1 Qf1+ 0-1

[Event "V C.to Unione Europea"]
[Site "Arvier ITA"]
[Date "2010.09.11"]
[Round "8"]
[White "Suba, Mihai"]
[Black "Brunello, Roberta"]
[Result "1-0"]
[WhiteElo "2464"]
[BlackElo "2066"]
[PlyCount "97"]
[EventDate "2010.09.04"]

1. Nc3 e5 2. Nf3 Nc6 3. d4 exd4 4. Nxd4 Qf6 5. Ndb5 Bc5 6. Ne4 Bb4+ 7. c3 Qe5
8. Qd5 Ba5 9. Qxe5+ Nxe5 10. Bf4 f6 11. O-O-O Ne7 12. e3 d5 13. Nc5 Bb6 14. Na4
Ba5 15. b4 a6 16. Nd4 Bb6 17. h3 Ba7 18. Be2 O-O 19. Rd2 c6 20. Rhd1 Nf5 21.
Nxf5 Bxf5 22. Nc5 b5 23. g4 Bxc5 24. gxf5 Bb6 25. a4 bxa4 26. Ra2 a5 27. b5
cxb5 28. Bxb5 Rfc8 29. Kc2 Rc5 30. Bxe5 fxe5 31. Rxd5 Rac8 32. Rxc5 Rxc5 33.
Bxa4 e4 34. Bd7 Kf7 35. Ra4 Re5 36. Rc4 Ke7 37. Bc8 Bc5 38. Kb3 Kd6 39. Ka4 Kc6
40. Kxa5 Re8 41. Bb7+ Kd6 42. Bxe4 Rb8 43. Bd3 Rb3 44. f6 gxf6 45. Bxh7 Ra3+
46. Ra4 Rxc3 47. Kb5 Ke5 48. Rf4 Bxe3 49. Re4+ 1-0